Middle Eastern affairs (Record no. 412737)

000 -LEADER
fixed length control field 00411cam a22001337a 4500
008 - FIXED-LENGTH DATA ELEMENTS--GENERAL INFORMATION
fixed length control field 180718b1965 xxu||||| |||| 00| 0 eng d
082 ## - DEWEY DECIMAL CLASSIFICATION NUMBER
Classification number A6x56 Ox2/4
245 ## - TITLE STATEMENT
Title Middle Eastern affairs
Statement of responsibility, etc. edited by Albert Hourani
260 ## - PUBLICATION, DISTRIBUTION, ETC.
Place of publication, distribution, etc. London
Name of publisher, distributor, etc. Oxford University
Date of publication, distribution, etc. 1965
300 ## - PHYSICAL DESCRIPTION
Extent 165p.
440 ## - SERIES STATEMENT/ADDED ENTRY--TITLE
Title St. Antony's papers. number 17
650 ## - SUBJECT ADDED ENTRY--TOPICAL TERM
Topical term or geographic name entry element Middle East --Politics and government.
700 ## - ADDED ENTRY--PERSONAL NAME
Personal name Hourani, Albert, ed.
Holdings
Withdrawn status Lost status Damaged status Not for loan Permanent Location Current Location Date acquired Full call number Barcode Date last seen Price effective from Koha item type
        Indian Institute of Public Administration Indian Institute of Public Administration 2009-02-09 A6x56 Ox2/4 38806 2018-07-21 2018-07-21 Book
        Indian Institute of Public Administration Indian Institute of Public Administration 2009-02-09 A6x56 Ox2/3 33366 2018-07-21 2018-07-21 Book
        Indian Institute of Public Administration Indian Institute of Public Administration 2009-02-09 A6x56 Ox2/2 26379 2018-07-21 2018-07-21 Book

Powered by Koha